003490000a2200121000450024500720000065000290007265000150010165000180011665000190013404100130015310000240016677300370019010aCommunity diversity: relative roles of local and regional processes14aComunidades biológicas14aEcología14aSistemática14aBiogeografía0 aInglés1 aRicklefs, Robert E.1 tScience3685h235q167-170d1987